000
00208 a2200097 4500
001
27716
100
_a
Myrdal, A
245
_a
The game of disarmament
260
_a
_b
Pantheon Books
_c
090
_c
18492
_d
18492
942
_a
NUST-CAE
_c
M
_c
9438
999
_c
262789
_d
262789